Care of employees as a part of company’s personnel policy
Analýza starostlivosti o zamestnancov vo vybranej spoločnosti na Slovensku. Prieskum úrovne starostlivosti o zamestnancov v danej spoločnosti. Návrhy na zlepšenie starostlivosti o zamestnancov.
Salvato in:
| Autore principale: | |
|---|---|
| Natura: | Capitolo di libro |
| Lingua: | inglese |
| Soggetti: | |
| Tags: |
Nessun Tag, puoi essere il primo ad aggiungerne!!
|
MARC
| LEADER | 00000nla a2200000 4500 | ||
|---|---|---|---|
| 001 | 0238760 | ||
| 005 | 20240502073850.1 | ||
| 041 | 0 | |a eng | |
| 044 | |a SK | ||
| 245 | 1 | 0 | |a Care of employees as a part of company’s personnel policy |c Patrik Richnák |
| 520 | |a Analýza starostlivosti o zamestnancov vo vybranej spoločnosti na Slovensku. Prieskum úrovne starostlivosti o zamestnancov v danej spoločnosti. Návrhy na zlepšenie starostlivosti o zamestnancov. | ||
| 610 | 2 | 0 | |a zamestnanci |
| 610 | 2 | 0 | |a starostlivosť o pracovníkov |
| 610 | 2 | 0 | |a benefity |
| 610 | 2 | 0 | |a Slovensko |
| 610 | 2 | 0 | |a prieskum potrieb |
| 100 | 1 | |a Richnák, Patrik, 1988- | |